Tile Select - India - Statistics

General Stats
  • This quiz has been taken 8 times
  • The average score is 34 of 45
Answer Stats
Question Tile Select % Correct
Cities in India Ahmedabad Yes
100%
Cities in India Amritsar Yes
100%
Official Union territories of India Chandigarh Yes
100%
Rivers completely in India ( at least 500 km in length ) Godavari Yes
100%
Official Union territories of India Hyderabad No
100%
Rivers completely in India ( at least 500 km in length ) Irrawaddy No
100%
Cities in India Kochi Yes
100%
Cities in India Multan No
100%
Prime Ministers of India Narendra Modi Yes
100%
Indian Nobel Laureates Narendra Modi No
100%
Official Union territories of India Pondicherry Yes
100%
Prime Ministers of India Rahul Gandhi No
100%
Prime Ministers of India Rajendra Prasad No
100%
Prime Ministers of India Rajiv Gandhi Yes
100%
Official Union territories of India Andaman and Nicobar Islands Yes
86%
Official Union territories of India Azad Kashmir No
86%
Cities in India Faisalabad No
86%
Indian Nobel Laureates Indira Gandhi No
86%
Cities in India Indore Yes
86%
Prime Ministers of India Jawaharlal Nehru Yes
86%
Rivers completely in India ( at least 500 km in length ) Krishna Yes
86%
Official Union territories of India Ladakh Yes
86%
Official Union territories of India Lakshadweep Yes
86%
Prime Ministers of India Mahatma Gandhi No
86%
Prime Ministers of India Manmohan Singh Yes
86%
Official Union territories of India Nagaland No
86%
Prime Ministers of India Neeraj Chopra No
86%
Cities in India Sylhet No
86%
Indian Nobel Laureates Jagadish Chandra Bose No
71%
Rivers completely in India ( at least 500 km in length ) Brahmaputra No
57%
Indian Nobel Laureates CV Raman Yes
57%
Indian Nobel Laureates Jawaharlal Nehru No
57%
Indian Nobel Laureates Mahatma Gandhi No
57%
Cities in India Meerut Yes
57%
Rivers completely in India ( at least 500 km in length ) Narmada Yes
57%
Indian Nobel Laureates Rabindranath Tagore Yes
57%
Official Union territories of India Sikkim No
57%
Rivers completely in India ( at least 500 km in length ) Sutlej No
57%
Rivers completely in India ( at least 500 km in length ) Yamuna Yes
57%
Indian Nobel Laureates Amartya Sen Yes
43%
Prime Ministers of India Atal Vihari Vajpayee Yes
43%
Cities in India Guwahati Yes
43%
Indian Nobel Laureates Kailash Satyarthi Yes
29%
Rivers completely in India ( at least 500 km in length ) Ganges No
14%
Rivers completely in India ( at least 500 km in length ) Son Yes
0%
No matching quizzes found
Score Distribution
Percent of People with Each Score
Percentile by Number Answered
Your Score History
You have not taken this quiz